000 00701nam a2200217Ia 4500
003 GCL
008 140319s9999 xx 000 0 ara d
020 _a13421110
040 _aGCL /
_cGCL
082 0 4 _a301.32
_bم د
100 1 _aالمجلس القومى للسكان
245 1 0 _aدراسات سكانية مج 17 /
_cالمجلس القومى للسكان
250 _aالاولى
260 _aالقاهرة :
_bالمجلس القومى للسكان
300 _a76 سم ؛
_c24 ص
650 0 4 _aتنظيم الاسرة
650 0 4 _aالاطفال - رعاية
650 0 4 _aالمجلس القومى للسكان
650 0 4 _aالصحة الانجابية
942 _2ddc
_cBK
999 _c7677
_d7677